00887cam a2200241 a 450000100060000000300080000600500170001400800390003103500190007004000270008904100080011608200220012410000650014624501410021126000390035230000290039150400510042065000230047165000220049465000440051665000210056071000640058115623BD-RjUL20211208235846.0140210s1927 nyu b 001 0 eng a(BD-RjUL)15678 aDLCcDLCdBD-RjULbeng aeng00a332.743bSEE 19271 aSeligman, Edwin R. A.,q(Edwin Robert Anderson),d1861-1939.14aThe economics of instalment selling :ba study in consumers' credit, with special reference to the automobile /cby Edwin R.A. Seligman. aNew York :bHarper & Bros.,c1927. a623 p. :c24 cm.bill. ; aIncludes bibliographical references and index. 0aConditional sales. 0aInstallment plan. 0aAutomobile industry and tradexFinance. 0aConsumer credit.2 aOliver Wendell Holmes Collection (Library of Congress)5DLC